00398 a2200157 4500003000400000005001700004008004100021020001800062040000900080082001500089100001800104245006200122250001200184260003000196300001400226OSt20230826123236.0230826b |||||||| |||| 00| 0 eng d a9789353065393 coclc a658bDUR/P aDurai, Pravin aPrinciples of managementbText and cases /cPravin Durai. a2nd ed. aChennai:bPearson,c2023. a527 pages